| 000 | 00864cam a2200265 a 4500 | ||
|---|---|---|---|
| 001 | 12630058 | ||
| 005 | 20180307071750.0 | ||
| 008 | 011227s2002 caua b 001 0 eng c | ||
| 010 | _a 2001279239 | ||
| 015 | _aGBA1-X7105 | ||
| 020 | _a0201734826 | ||
| 035 | _a(OCoLC)ocm46984443 | ||
| 040 |
_aUKM _cUKM _dOCLCQ _dIXA _dTXA _dDLC |
||
| 041 | _aeng | ||
| 042 | _apcc | ||
| 080 | _a745.0285 ASHF | ||
| 082 | 0 | 0 |
_a745.0285 ASHF _221 |
| 100 | 1 | _a44 | |
| 101 | _aART | ||
| 245 | 1 | 4 |
_aThe arts and crafts computer : _cJanet Ashford. |
| 504 | _aIncludes bibliographical references (p. [134]-139) and index. | ||
| 906 |
_a7 _bcbc _cpccadap _d2 _encip _f20 _gy-gencatlg |
||
| 942 |
_2ddc _cBK |
||
| 999 |
_c44297 _d44297 |
||